Statistics for Donald Trump Quiz

Click here to take the quiz!

General Stats

  • This quiz has been taken 158 times
    (11 since last reset)
  • The average score is 17 of 25

Answer Stats

Hint Answer % Correct
2016 election opponentHillary Clinton
100%
Vice presidentMike Pence
91%
Current wifeMelania Trump
91%
MottoMake America Great Again
91%
PredecessorBarack Obama
91%
Youngest daughterTiffany Trump
82%
Oldest sonDonald Trump Jr.
82%
Political partyRepublican
82%
Oldest daughterIvanka Trump
82%
Current residenceWhite House
82%
Youngest sonBarron Trump
82%
State of birthNew York
82%
Age73
82%
2nd oldest sonEric Trump
73%
Residence until 1/20/17Trump Tower
73%
Height6'2"
73%
Year of birth1946
64%
Famous TV showThe Apprentice
64%
First wifeIvana Trump
55%
Second wifeMarla Maples
55%
BirthdayJune 14th
45%
BookThe Art of the Deal
36%
FatherFred Trump
18%
Net worth4.5 billion
0%
MotherMary Anne Trump
0%

Score Distribution

Percentile by Number Answered

Percent of People with Each Score

Your Score History

You have not taken this quiz since the last reset